Satyra, groteska, żart liryczny /

Hlavní autor: Gałczyński, Konstanty Ildefons, 1905-1953
Další autoři: Tomaszewski, Henryk, 1914-2005, Fedecki, Ziemowit, 1923-2009
Jazyk: Polština
Vydáno: Warszawa : Czytelnik, 1955
Vydání: Wyd. 1.
Fyzický popis: 406 s. : il.
Knihy
Uloženo v:
LEADER 00870nam a22002292a 4500
001 001438259
003 CZ BrMZK
005 20150609113145.0
007 ta
008 141119s1955 pl a er|||||||||||pol d
040 |a ABA001  |b cze  |c ABA001  |d ABA001  |d BOA001 
100 1 |a Gałczyński, Konstanty Ildefons,  |d 1905-1953  |7 jn19990002543  |4 aut 
245 1 0 |a Satyra, groteska, żart liryczny /  |c Konstanty Idelfons Gałczyński ; ilustrował Henryk Tomaszewski ; wybór i redakcja Ziemowit Fedecki 
250 |a Wyd. 1. 
260 |a Warszawa :  |b Czytelnik,  |c 1955 
300 |a 406 s. :  |b il. 
700 1 |a Tomaszewski, Henryk,  |d 1914-2005  |7 jx20070423016  |4 ill 
700 1 |a Fedecki, Ziemowit,  |d 1923-2009  |7 js2011623115  |4 edt 
910 |a BOA001  |b 2-0346.183 
990 |a BK 
991 |b 201411 
996 7 |b 2619074992  |c 2-0346.183  |l MZK  |r Sklad / do 24 hodin  |n 0  |w 001473118  |u 000010  |a 1  |e BOA001  |j MZK50  |s A